Catálogo público

Perspectiva estadística de San Luis Potosí (Record no. 76020)

MARC details
000 -CABECERA
campo de control de longitud fija 01781cam a22004337a 4500
003 - IDENTIFICADOR DEL NÚMERO DE CONTROL
campo de control CHAP
005 - FECHA Y HORA DE LA ÚLTIMA TRANSACCIÓN
campo de control 20220329141936.0
008 - DATOS DE LONGITUD FIJA--INFORMACIÓN GENERAL
campo de control de longitud fija 980821d1997 mx rs 00110 spa d
010 ## - NÚMERO DE CONTROL DE LA BIBLIOTECA DEL CONGRESO
Número de control de LC 76020
011 ## - ENLACE DEL NUMERO DE CONTROL DE LA BIBLIOTECA DEL CONGRESO [OBSOLETO]
Número de control de LC 76992
020 ## - NÚMERO INTERNACIONAL ESTÁNDAR DEL LIBRO
Número Internacional Estándar del Libro 9701317092
035 ## - NÚMERO DE CONTROL DEL SISTEMA
Número de control de sistema 86587
040 ## - FUENTE DE LA CATALOGACIÓN
Centro/agencia transcriptor CHAP
082 04 - NÚMERO DE LA CLASIFICACIÓN DECIMAL DEWEY
Número de clasificación 317.2
Número de documento/Ítem I57 S.L.P.
110 2# - ENTRADA PRINCIPAL--NOMBRE DE ENTIDAD CORPORATIVA
Nombre de entidad corporativa o nombre de jurisdicción como elemento de entrada Instituto Nacional de Estadística, Geografía e Informática. México
9 (RLIN) 59304
245 10 - MENCIÓN DE TÍTULO
Título Perspectiva estadística de San Luis Potosí
Mención de responsabilidad, etc. /por Instituto Nacional de Estadística Geografía e Informática
260 ## - PUBLICACIÓN, DISTRIBUCIÓN, ETC.
Lugar de publicación, distribución, etc. Aguascalientes, Ags. :
Nombre del editor, distribuidor, etc. Instituto Nacional de Estadística Geografía e Informática,
Fecha de publicación, distribución, etc. 1997.
300 ## - DESCRIPCIÓN FÍSICA
Extensión 105 p. :
Otras características físicas cuadros ; gráfs.
590 ## - NOTA LOCAL (RLIN)
Nota local BATCH-UPD
Procedencia (VM) [OBSOLETO] 10
Condición del los carretes individuales (VM) [OBSOLETO] 20130110
-- UCH01
-- 0048
590 ## - NOTA LOCAL (RLIN)
Nota local BATCH-UPD
Procedencia (VM) [OBSOLETO] 10
Condición del los carretes individuales (VM) [OBSOLETO] 20130110
-- UCH01
-- 0556
590 ## - NOTA LOCAL (RLIN)
Nota local BATCH-UPD
Procedencia (VM) [OBSOLETO] 10
Condición del los carretes individuales (VM) [OBSOLETO] 20130110
-- UCH01
-- 2306
590 ## - NOTA LOCAL (RLIN)
Nota local BATCH-UPD
Procedencia (VM) [OBSOLETO] 10
Condición del los carretes individuales (VM) [OBSOLETO] 20130409
-- UCH01
-- 2035
590 ## - NOTA LOCAL (RLIN)
Nota local BATCH-UPD
Procedencia (VM) [OBSOLETO] 10
Condición del los carretes individuales (VM) [OBSOLETO] 20130410
-- UCH01
-- 0342
590 ## - NOTA LOCAL (RLIN)
Nota local BATCH-UPD
Procedencia (VM) [OBSOLETO] 10
Condición del los carretes individuales (VM) [OBSOLETO] 20130913
-- UCH01
-- 2042
590 ## - NOTA LOCAL (RLIN)
Nota local CONVERSION
Procedencia (VM) [OBSOLETO] 10
Condición del los carretes individuales (VM) [OBSOLETO] 20130109
-- UCH01
-- 1342
650 14 - PUNTO DE ACCESO ADICIONAL DE MATERIA--TÉRMINO DE MATERIA
Término de materia o nombre geográfico como elemento de entrada Agricultura
Subdivisión general Estadísticas
Subdivisión geográfica San Luis Potosí.
9 (RLIN) 1465
650 14 - PUNTO DE ACCESO ADICIONAL DE MATERIA--TÉRMINO DE MATERIA
Término de materia o nombre geográfico como elemento de entrada Bosques
Subdivisión general Estadísticas
-- San Luis Potosí.
9 (RLIN) 14159
650 14 - PUNTO DE ACCESO ADICIONAL DE MATERIA--TÉRMINO DE MATERIA
Término de materia o nombre geográfico como elemento de entrada Empleo
Subdivisión general San Luis Potosí.
9 (RLIN) 36577
650 14 - PUNTO DE ACCESO ADICIONAL DE MATERIA--TÉRMINO DE MATERIA
Término de materia o nombre geográfico como elemento de entrada Ganadería
Subdivisión general Estadísticas
Subdivisión geográfica San Luis Potosí.
9 (RLIN) 44724
650 14 - PUNTO DE ACCESO ADICIONAL DE MATERIA--TÉRMINO DE MATERIA
Término de materia o nombre geográfico como elemento de entrada Población
Subdivisión geográfica San Luis Potosí.
9 (RLIN) 89436
650 14 - PUNTO DE ACCESO ADICIONAL DE MATERIA--TÉRMINO DE MATERIA
Término de materia o nombre geográfico como elemento de entrada San Luis Potosí
Subdivisión general Estadísticas.
9 (RLIN) 101968
650 14 - PUNTO DE ACCESO ADICIONAL DE MATERIA--TÉRMINO DE MATERIA
Término de materia o nombre geográfico como elemento de entrada San Luis Potosí
Subdivisión general Historia.
9 (RLIN) 101970
650 14 - PUNTO DE ACCESO ADICIONAL DE MATERIA--TÉRMINO DE MATERIA
Término de materia o nombre geográfico como elemento de entrada Vivienda
Subdivisión general San Luis Potosí.
9 (RLIN) 120145
901 ## - ELEMENTOS DE DATOS A LOCAL LDA (RLIN)
a BK
905 ## - ELEMENTOS DE DATOS E LOCAL, LDE (RLIN)
a Alejandra Carrasco M.
942 ## - ELEMENTOS DE PUNTO DE ACCESO ADICIONAL (KOHA)
Tipo de ítem Koha Libro
949 ## - PROCESAMIENTO DE INFORMACIÓN LOCAL (OCLC)
a 317.2 I57 S.L.P.
b BC
c INEGI
d 33724000699625
e INEGI
h 93809
i 86587
s b
t $34.00
949 ## - PROCESAMIENTO DE INFORMACIÓN LOCAL (OCLC)
a 317.2 I57 S.L.P.
b BC
c INEGI
d 33724000699633
e INEGI
f c.2
h 93810
i 86587
s b
t $34.00
Holdings
Estado de retiro Estado de pérdida Fuente del sistema de clasificación o colocación Estado dañado Restricciones de uso No para préstamo Código de colección Localización permanente Ubicación/localización actual Ubicación en estantería Fecha de adquisición Información codificada de la localización en otra ubicación Total de préstamos Signatura topográfica completa Código de barras Fecha visto por última vez Precio válido a partir de Tipo de ítem Koha Número de copia
    Dewey Decimal Classification   Préstamo interno   Publicaciones INEGI Biblioteca Central Biblioteca Central Planta baja - Colección INEGI 31/12/2019 LIBRO   317.2 I57 S.L.P. 33724000699625 31/12/2019 31/12/2019 Libro  
    Dewey Decimal Classification   Préstamo interno   Publicaciones INEGI Biblioteca Central Biblioteca Central Planta baja - Colección INEGI 31/12/2019 LIBRO   317.2 I57 S.L.P. 33724000699633 31/12/2019 31/12/2019 Libro c.2